| 000 | 01170cam a22002651 4500 | ||
|---|---|---|---|
| 001 | agr65000379 | ||
| 003 | DLC | ||
| 005 | 20260227111024.0 | ||
| 008 | 850905s1965 dcua b f100 0 eng | ||
| 010 | _aagr65000379 | ||
| 040 |
_aDLC/ICU _cICU _dDLC |
||
| 050 | 0 | 0 |
_aS21 _b.A46 no. 970 |
| 070 | 0 | _a1Ag84M no. 970 | |
| 111 | 2 |
_aFederal Inter-agency Sedimentation Conference _n(2nd : _d1963 : _cJackson, Miss.) |
|
| 245 | 0 | 0 |
_aProceedings. _cPrepared by Agricultural Research Service, U.S. Dept. of Agriculture. |
| 260 |
_aWashington, _bU.S. Govt. Print. Off., _c1965. |
||
| 300 |
_aiv, 933 p. _billus. _c27 cm. |
||
| 490 | 1 |
_a[U.S. Dept. of Agriculture] Miscellaneous publication _vno. 970 |
|
| 500 | _aSponsored by the Federal agencies represented on the Subcommittee on Sedimentation, Federal Inter-Agency Committee on Water Resources. | ||
| 504 | _aBibliographical footnotes. | ||
| 650 | 0 |
_aSedimentation and deposition _xCongresses. |
|
| 710 | 1 |
_aUnited States. _bAgricultural Research Service. |
|
| 710 | 1 |
_aUnited States. _bInter-agency Committee on Water Resources. |
|
| 830 | 0 |
_aMiscellaneous publication (United States. Department of Agriculture) ; _vno. 970. |
|
| 999 |
_c12039 _d12039 |
||